Inseln anhand größter Stadt #2 - Statistiken

Allgemein
  • Dieses Quiz wurde 71 mal gespielt
  • Das Durchschnittsergebnis liegt bei 9 aus 20
Antwortstatistiken
Stadt Insel % Korrekt
Reykjavik Island
100%
Taipei Taiwan
86%
Kingston Jamaika
83%
Las Palmas Gran Canaria
71%
Sapporo Hokkaido
59%
Port Of Spain Trinidad
52%
Hobart Tasmanien
49%
Swinemünde Usedom
49%
San Juan Puerto Rico
43%
Manila Luzon
38%
Port Moresby Neuguinea
37%
Denpasar Bali
32%
Visby Gotland
32%
Douglas Isle Of Man
30%
Honolulu O'ahu
30%
Medan Sumatra
27%
Haikou Hainan
19%
St. John's Neufundland
17%
Saint-Denis Réunion
17%
Nouméa Neukaledonien
16%
Keine übereinstimmenden Quizze gefunden
Verteilung der Resultate
Anzahl Personen mit jedem Resultat
Perzentil nach korrekt beantworteten Fragen
Ihre Resultats-Entwicklung
Sie haben dieses Quiz noch nicht gespielt